LEADER 00930nam a2200253 4500 001 000000351067 003 CaOOAMICUS 005 20220801100329.0 008 220801s1969 it 000 u ita r 040 $aSeMil$bita 100 1 $aHoratius Flaccus, Quintus,$d<65-8 a.C.>.$0(OLS)http://semarc/name/3361 245 12$aI carmi /$cOrazio ; scelti e commentati da Ugo Enrico Paoli. 250 $a21. ed. 264 1$aFirenze :$bLe Monnier,$c1969. 300 $aXXIII, 335 p. ;$c21 cm 700 1 $aPaoli, Ugo Enrico,$d<1884-1963>.$0(OLS)http://semarc/name/19520 850 $aSeMil 852 $aSeMil$W1$xVenegono$y1$m1X IV 55$j233825$B242127$CSeMilBibl$Z2$F242127 $81 900 1 $aOrazio. 961 $aPontiggia don Virginio - Omaggio 996 $6245$aI carmi$9(OLS)http://semarc/title/260144 996 $6264$aFirenze :$bLe Monnier$9(OLS)http://semarc/publisher/30060 LEADER 00751nam a2200181 i 4500 001 000000223197 003 CaOOAMICUS 005 20131007000000.0 008 131007s1814 it u000 u ita u 013 $a202094 026 $aa-ia m-ta elna notu (7) 1814 (A) 040 $aSeMil$bita 245 10$aVol. 4. 300 $a327, [3] p. 773 0 $aGenlis, Stéphanie-Félicité Du Crest $tAdele e Teodoro ossia Lettere sull'educazione di madama di Genlis ... Versione dal francese. Vol. 1. [-4.].$dMilano : presso Francesco Sonzogno di Gio. Batt., 1813-1814.$g4$w()17148 850 $aSeMil 852 $aSeMil$W1$xVenegono$y1$m2P I 23 FA$j173543$B173543$CSeMilBibl$Z2$F183895 $8I 996 $6245$aVol. 4$9(OLS)http://semarc/title/108694 LEADER 01380nam a2200325 i 4500 001 000000228444 003 CaOOAMICUS 005 20211012100134.0 008 140327s2010 it u000 u ita u 013 $a207346 020 $a978-88-372-2422-6 040 $aSeMil$bita 100 1 $aMosca Mondadori, Arnoldo,$d<1971- >.$0(OLS)http://semarc/name/61669 245 13$aLa seconda intelligenza /$cArnoldo Mosca Mondadori ; premessa di Giacomo Canobbio. 260 $aBrescia :$bMorcelliana,$c2010. 300 $a63 p. ;$c19 cm. 490 0 $aIl pellicano rosso. Nuova serie ;$v112 541 $aOmaggio mons. Mario Delpini (2OA II 112) 541 $aOmaggio card. Angelo Scola 700 1 $aCanobbio, Giacomo,$d<1945- >.$0(OLS)http://semarc/name/2572 830 3$aIl pellicano rosso. Nuova serie ;$v112.$0(OLS)http://semarc/title/11366 850 $aSeMil 852 $aSeMil$W1$xVenegono$y1$m2LA V 112$j266333$B178790$CSeMilBibl$Z2$F189924 $81 941 1 $a6 941 1 $a7 961 $aOmaggio mons. Mario Delpini. -- Con dedica autografa dell'autore (Arnoldo Mosca Mondadori) a mons. Mario Delpini 996 $6020$a978-88-372-2422-6$9(OLS)http://semarc/number/192604 996 $6245$aLa seconda intelligenza$9(OLS)http://semarc/title/327013 996 $6260$aBrescia :$bMorcelliana$9(OLS)http://semarc/publisher/29629